[Event "XXI Virxe Peregrina Open"]
[Site "Pontevedra ESP"]
[Date "2008.08.13"]
[Round "4"]
[White "Rusev,K"]
[Black "Espineira Gonzalez,D"]
[Result "1-0"]
[WhiteElo "2508"]
[BlackElo "2267"]

1.d4 e6 2.c4 Nf6 3.Nf3 Bb4+ 4.Bd2 a5 5.g3 d6 6.Bg2 Nbd7 7.O-O e5 8.Be3 O-O
9.a3 exd4 10.Bxd4 Bc5 11.Nc3 Nb6 12.b3 a4 13.b4 Bxd4 14.Qxd4 Be6 15.Ng5 Bxc4
16.Bxb7 Ra7 17.Bc6 Nfd7 18.Nf3 Nb8 19.Bb5 Bb3 20.Rac1 Qe7 21.Bd3 c5 22.Qf4 f5
23.Nd2 cxb4 24.Qxb4 Nd5 25.Bc4  1-0

[Event "8th Savaria Summer IM"]
[Site "Szombathely HUN"]
[Date "2008.08.14"]
[Round "1"]
[White "Bodo,No1"]
[Black "Rachela,M"]
[Result "1/2-1/2"]
[WhiteElo "2414"]
[BlackElo "2338"]

1.Nf3 Nf6 2.c4 e6 3.d4 Bb4+ 4.Bd2 Qe7 5.g3 Nc6 6.Bg2 Bxd2+ 7.Nbxd2 d6 8.O-O a5
9.Rc1 O-O 10.Qc2 e5 11.e3 Re8 12.a3 a4 13.d5 Nb8 14.e4 Nbd7 15.Ne1 Nc5 16.Nd3 b6
17.Nb4 Bd7 18.Rce1 Rab8 19.Nd3 Nxd3 20.Qxd3 b5 21.Rc1 bxc4 22.Nxc4 Bb5 23.Bh3 Red8
24.Rfe1 c6 25.dxc6 Bxc6 26.Bg2 Ba8 27.Qc2 Qa7 28.Red1 Rbc8 29.Qd3 h5 30.Ne3 Qb6
31.Rxc8 Rxc8 32.Nf5 Rd8 33.Qc2 g6 34.Nxd6 Rxd6 35.Qc8+ Kg7 36.Rxd6 Qxd6 37.Qxa8 Qd1+
38.Bf1 Qd4 39.Qc6 Nxe4 40.Qc2 Nd2 41.Be2 e4 42.Bb5 e3 43.fxe3 Qxe3+ 44.Kg2 Qf3+
45.Kg1 Qe3+ 46.Kg2 Qf3+ 47.Kg1  1/2-1/2

[Event "35th Open"]
[Site "Manresa ESP"]
[Date "2008.08.15"]
[Round "4"]
[White "Ferreira,H"]
[Black "Nogue Fajula,J"]
[Result "1-0"]
[WhiteElo "2151"]
[BlackElo "2053"]

1.d4 Nf6 2.Nf3 e6 3.c4 Bb4+ 4.Bd2 Bxd2+ 5.Nbxd2 O-O 6.g3 b6 7.Bg2 Bb7 8.O-O d6
9.Qc2 c5 10.e4 cxd4 11.Nxd4 Nc6 12.Nxc6 Bxc6 13.Rfd1 Qc7 14.b4 Rac8 15.Rac1 Bb7
16.Nb3 b5 17.c5 h6 18.Rxd6 Qxd6 19.cxd6 Rxc2 20.Rxc2 Bxe4 21.Bxe4 Nxe4 22.d7 Nf6
23.Rc7 Kh7 24.Rxa7 Nd5 25.h3 Rd8 26.Nc5 Kg6 27.Rb7 Nf6 28.Rc7  1-0

[Event "Open A"]
[Site "Vladimir RUS"]
[Date "2008.08.15"]
[Round "4"]
[White "Zabotin,A"]
[Black "Anoshkin,A1"]
[Result "1-0"]
[WhiteElo "2491"]
[BlackElo "2362"]

1.d4 Nf6 2.c4 e6 3.Nf3 Bb4+ 4.Bd2 Qe7 5.Nc3 Bxc3 6.Bxc3 Ne4 7.Rc1 d6 8.g3 Nd7
9.Bg2 f5 10.Bb4 a5 11.Ba3 b6 12.Qa4 O-O 13.Ne5 c5 14.Nxd7 Bxd7 15.Qb3 a4
16.Qd3 Bc6 17.O-O Bb7 18.Rfd1 Rfd8 19.f3 Nf6 20.Rb1 Qc7 21.b4 axb3 22.Qxb3 Ba6
23.Rbc1 Rac8 24.Bb2 Qb7 25.Qe3 Qe7 26.Bh3 Qe8 27.g4 cxd4 28.Bxd4 Rxc4 29.gxf5 exf5
30.Bxf5 Qxe3+ 31.Bxe3 Rxc1 32.Rxc1 Bxe2 33.Kf2 Ba6 34.Rc6 d5 35.Bxb6 Re8
36.Be6+ Kh8 37.Bd4 Bc4 38.a4 h5 39.a5 Bb5 40.Rb6 Bd7 41.Bxd7 Nxd7 42.Rd6  1-0

[Event "ch-Euro Seniors"]
[Site "Davos SUI"]
[Date "2008.08.16"]
[Round "8"]
[White "Bue,G"]
[Black "Akvist,H"]
[Result "0-1"]
[WhiteElo "1831"]
[BlackElo "2135"]

1.d4 Nf6 2.c4 e6 3.Nf3 Bb4+ 4.Bd2 a5 5.a3 Bxd2+ 6.Qxd2 b6 7.Nc3 Bb7 8.e3 d6
9.Be2 Nbd7 10.O-O O-O 11.Rfd1 Ne4 12.Nxe4 Bxe4 13.Ne1 f5 14.f3 Bb7 15.b4 Qf6
16.f4 g5 17.Bf3 Bxf3 18.Nxf3 g4 19.Ne1 Qg7 20.g3 Nf6 21.Qc2 c6 22.Nd3 Ne4
23.Nf2 Nf6 24.Nd3 Qa7 25.Qb3 axb4 26.c5 bxc5 27.Qxe6+ Kg7 28.dxc5 bxa3 29.Qxd6 Rfd8
30.Qxc6 a2 31.Qb5 Qe7 32.Re1 Qe4 33.Nf2 Qd5 34.Red1 Qe6 35.Rxd8 Rxd8 36.Qb6 Qd5
37.Qa7+ Rd7 38.Qxa2 Qxc5 39.Qe2 Qc3 40.Rd1 Rb7 41.Qd2 Qb3 42.Rc1 Rd7 43.Qc3 Qe6
44.Rd1 Re7 45.Rd3 Kg6 46.Qb3 Qc8 47.Rc3 Qa8 48.Qa3 Ra7 49.Qb2 Ra2 50.Qb3 Ra1+
51.Nd1 Qa5 52.Rd3 Qe1+ 53.Kg2 Qe2+  0-1

[Event "Independence Cup A"]
[Site "Kyiv UKR"]
[Date "2008.08.17"]
[Round "5"]
[White "Kostiuk,T"]
[Black "Manilyk,A"]
[Result "1/2-1/2"]
[WhiteElo "2231"]
[BlackElo "2139"]

1.d4 Nf6 2.Nf3 e6 3.c4 Bb4+ 4.Bd2 Qe7 5.Nc3 b6 6.g3 Bb7 7.Bg2 O-O 8.O-O d6
9.Qc2 Bxc3 10.Bxc3 Be4 11.Qd2 Nbd7 12.Rfe1 Rad8 13.Bf1 Bb7 14.Qg5 Rfe8 15.Nd2 d5
16.Bg2 h6 17.Qf4 e5 18.dxe5 Nxe5 19.Rad1 c5 20.cxd5 Bxd5 21.Qxe5 Qxe5 22.Bxe5 Rxe5
23.Nc4 Ree8 24.Bxd5 Nxd5 25.a3 Nc7 26.e3 Ne6 27.f4 f6 28.Kf2 Kf8 29.Nd6 Re7
30.Rd2 Red7 31.Red1 a6 32.e4 g6 33.b4 cxb4 34.axb4 Ke7 35.Nc8+ Ke8 36.Rxd7 Rxd7
37.Rxd7 Kxd7 38.Nxb6+ Kc6 39.Nd5 Kb5 40.Ke3 Kc4 41.g4 Nd4 42.Nb6+ Kc3 43.Na4+ Kc4
44.Nb6+ Kc3 45.e5 fxe5 46.fxe5 Ne6 47.Nd5+ Kc4 48.Nf4 Nc7 49.Ke4 g5 50.Nd3 Ne6
51.Nc5 Nc7 52.Nd3 Ne6 53.Kf5 Nd4+ 54.Ke4 Ne6  1/2-1/2

[Event "XXI Virxe Peregrina Open"]
[Site "Pontevedra ESP"]
[Date "2008.08.17"]
[Round "8"]
[White "Sriram,J"]
[Black "Espineira Gonzalez,D"]
[Result "1/2-1/2"]
[WhiteElo "2429"]
[BlackElo "2267"]

1.d4 e6 2.c4 Nf6 3.Nf3 Bb4+ 4.Bd2 a5 5.g3 d6 6.Bg2 Nbd7 7.O-O e5 8.Bc1 exd4
9.Nxd4 O-O 10.b3 Re8 11.Bb2 Nb6 12.Nc3 c6 13.Qc2 d5 14.cxd5 Nbxd5 15.Nxd5 Nxd5
16.Rad1 Qe7 17.e4 Nf6 18.e5 Qxe5 19.Nxc6 Qf5 20.Nxb4 axb4 21.Qxf5 Bxf5 22.Bxf6 gxf6
23.Rd2 Rad8 24.Rxd8 Rxd8 25.Bxb7 Rd2 26.Ra1 Be6 27.Kg2 Kg7 28.Kf3 f5 29.Ke3 Rb2
30.Ba6 Kf6 31.h4 Ke5 32.Be2 h6 33.Bf1 Rc2 34.f4+ Kd6 35.Re1 Kc5 36.Ra1 Bd5
37.Be2 Be4 38.Bc4 Rc3+ 39.Kf2 Rc2+ 40.Ke3 Rc3+ 41.Kf2 Rc2+ 42.Ke3  1/2-1/2

[Event "23rd Open"]
[Site "Schwarzach AUT"]
[Date "2008.08.18"]
[Round "3"]
[White "Raykhman,A"]
[Black "Womacka,M"]
[Result "1/2-1/2"]
[WhiteElo "2267"]
[BlackElo "2436"]

1.d4 Nf6 2.c4 e6 3.Nf3 Bb4+ 4.Bd2 c5 5.Bxb4 cxb4 6.g3 O-O 7.Bg2 d6 8.O-O Nc6
9.a3 bxa3 10.Rxa3 e5 11.Nc3 Bg4 12.d5 Nb4 13.Ne1 Qc7 14.b3 Nd7 15.Bf3 Bh3
16.Bg2 Bg4 17.Bf3 Bh3 18.Bg2 Bf5 19.Be4 Bh3  1/2-1/2

[Event "X Sants Open"]
[Site "Barcelona ESP"]
[Date "2008.08.25"]
[Round "4"]
[White "Panelo,M"]
[Black "Oms Pallisse,J"]
[Result "1/2-1/2"]
[WhiteElo "2414"]
[BlackElo "2514"]

1.d4 Nf6 2.c4 e6 3.Nf3 Bb4+ 4.Bd2 Qe7 5.g3 Nc6 6.Nc3 Bxc3 7.Bxc3 Ne4 8.Rc1 O-O
9.Bg2 d6 10.d5 Nd8 11.dxe6 Nxe6 12.O-O Bd7 13.Nd4 N6g5 14.Be1 f5 15.f3 Nc5
16.b4 Nce6 17.e3 Nxd4 18.Qxd4 c5 19.Qd5+ Be6 20.Qd3 Rad8 21.h4 Nf7 22.f4 Nh6
23.Bc3 Qf7 24.Ba1 Qg6 25.e4 fxe4 26.Bxe4 Bf5 27.Rce1 Bxe4 28.Rxe4 Nf5 29.Kh2 cxb4
30.Rfe1 Rd7 31.Re6 Qg4 32.Bd4 b6 33.Bf2 Rdf7 34.Qd5 h6 35.Re8 Kh7 36.Qa8 Rxe8
37.Rxe8 Re7 38.Rxe7 Nxe7 39.Qxa7 Qe2 40.Kg1 Nf5 41.Qf7  1/2-1/2

[Event "XIII Konik Morski Open A"]
[Site "Rewal POL"]
[Date "2008.08.25"]
[Round "5"]
[White "Grochowalski,P"]
[Black "Czachor,G"]
[Result "0-1"]
[WhiteElo "2121"]
[BlackElo "2020"]

1.d4 Nf6 2.Nf3 e6 3.c4 Bb4+ 4.Bd2 Qe7 5.Nc3 d6 6.a3 Bxc3 7.Bxc3 Nbd7 8.e3 e5
9.dxe5 dxe5 10.Qc2 O-O 11.Be2 Re8 12.b4 c6 13.O-O b6 14.Rfd1 Bb7 15.Qf5 c5
16.h4 h6 17.Nd2 Rad8 18.f3 e4 19.f4 Bc8 20.Nb3 g6 21.Bxf6 Nxf6 22.Qe5 Qxe5
23.fxe5 Nd7 24.Rd6 Nxe5 25.bxc5 bxc5 26.Rxd8 Rxd8 27.Nxc5 Bf5 28.Nb3 Be6
29.Rc1 Rc8 30.Nd2 f5 31.g4 Kf7 32.h5 Rg8 33.Kf2 fxg4 34.hxg6+ Kxg6 35.Nxe4 h5
36.Rh1 Rf8+ 37.Ke1 Bxc4 38.Bd1 Bd5 39.Bc2 Rc8 40.Nc3+ Kg5 41.Nxd5 Rxc2  0-1

[Event "XIII Konik Morski Open A"]
[Site "Rewal POL"]
[Date "2008.08.27"]
[Round "7"]
[White "Krajewicz,P"]
[Black "Czachor,G"]
[Result "1-0"]
[WhiteElo "1993"]
[BlackElo "2020"]

1.d4 Nf6 2.Nf3 e6 3.c4 Bb4+ 4.Bd2 a5 5.g3 d5 6.Bg2 Nc6 7.O-O dxc4 8.Bg5 Be7
9.Ne5 Nxe5 10.dxe5 Qxd1 11.Rxd1 Nd7 12.Bxe7 Kxe7 13.f4 Rb8 14.a4 Nb6 15.Nc3 Bd7
16.Rd2 Rhd8 17.Rad1 c6 18.Kf2 Be8 19.Rd6 Rd7 20.Be4 f5 21.exf6+ gxf6 22.Rxd7+ Bxd7
23.h4 f5 24.Bc2 Nd5 25.e4 Nxc3 26.bxc3 b5 27.exf5 exf5 28.Re1+ Kd6 29.Rd1+ Kc7
30.Re1 b4 31.Re7 Kd6 32.Rxh7 Rf8 33.Ke3 c5 34.Rh6+ Kc7 35.h5 Re8+ 36.Kd2 bxc3+
37.Kxc3 Re3+ 38.Kxc4 Rxg3 39.Rf6 Rf3 40.h6 Rxf4+ 41.Kxc5 Rh4 42.Bb3 f4 43.Bc2 Kd8
44.h7 Ke7 45.Rxf4 Rh5+ 46.Kb6 Be8 47.Rc4 Kd6 48.Rc8 Kd7 49.Kb7 Rh4 50.Be4 Ke7
51.Bg6 Bxg6 52.h8=Q Rxh8 53.Rxh8 Kd7 54.Kb6  1-0

[Event "TCh-MNE Premier"]
[Site "Herceg Novi MNE"]
[Date "2008.08.30"]
[Round "6"]
[White "Damljanovic,B"]
[Black "Ivanisevic,I"]
[Result "1/2-1/2"]
[WhiteElo "2579"]
[BlackElo "2664"]

1.d4 Nf6 2.Nf3 e6 3.c4 Bb4+ 4.Bd2 a5 5.Nc3 O-O 6.Qc2 d5 7.e3 b6 8.cxd5 exd5
9.a3 Be7 10.Rc1 c5  1/2-1/2

[Event "2nd Open"]
[Site "Urumia IRI"]
[Date "2008.08.30"]
[Round "8"]
[White "Gagunashvili,M"]
[Black "Ghaem Maghami,E"]
[Result "1/2-1/2"]
[WhiteElo "2566"]
[BlackElo "2597"]

1.d4 Nf6 2.c4 e6 3.Nf3 Bb4+ 4.Bd2 Qe7 5.Nc3 b6 6.g3 Bb7 7.Bg2 O-O 8.O-O d6
9.a3 Bxc3 10.Bxc3 Nbd7 11.Ne1 Bxg2 12.Nxg2 Ne4 13.Rc1 f5 14.b4 a5 15.Qc2 axb4
16.axb4  1/2-1/2

[Event "1st Dragon Capital Vietnam Open"]
[Site "Vung Tau VIE"]
[Date "2008.08.30"]
[Round "6"]
[White "Zaw Oo"]
[Black "Nguyen Van Huy"]
[Result "1-0"]
[WhiteElo "2485"]
[BlackElo "2386"]

1.Nf3 Nf6 2.d4 e6 3.c4 Bb4+ 4.Bd2 Qe7 5.g3 Nc6 6.Bg2 Bxd2+ 7.Nbxd2 d6 8.e4 e5
9.d5 Nb8 10.O-O a5 11.Ne1 O-O 12.Nd3 Na6 13.a3 Bg4 14.f3 Bd7 15.b4 c6 16.Re1 cxd5
17.exd5 Bf5 18.Ne4 Bxe4 19.fxe4 Qc7 20.Qb3 Qb6+ 21.Kh1 axb4 22.axb4 Qd4 23.Rad1 Ng4
24.Bf3 Nf2+ 25.Nxf2 Qxf2 26.Re2 Qb6 27.Rb2 g6 28.Kg2 h5 29.Be2 Rac8 30.Bf3 Kg7
31.Be2 Rh8 32.h4 Rhe8 33.Qc3 Qd8 34.Qe3 Qe7 35.Rc1 Nb8 36.c5 Red8 37.Rbc2 Nd7
38.c6 Nf6 39.b5 Ra8 40.Bf3 Ne8 41.b6 Ra4 42.Rc4 Ra6 43.Be2 Nf6 44.R4c3 Ra4
45.Rc4 Ra6 46.R1c2 Rb8 47.Rb4 Ra5 48.Qb3 Ne8 49.c7 Rc8 50.Ra4 Rc5 51.Ra7 Nf6
52.Rxc5 dxc5 53.Rxb7 Qd6 54.Qa4 Nxd5 55.exd5 Qxd5+ 56.Bf3 Qd2+ 57.Kh3 Qf2
58.Qe4 g5 59.Qxe5+ f6 60.Qe7+ Kg8 61.Qe6+ Kg7 62.Qd7+ Kh6 63.hxg5+ fxg5 64.Qe6+ Kg7
65.Qe7+ Kg8 66.Qxg5+  1-0

[Event "17th CRO-chT 1a"]
[Site "Sibenik CRO"]
[Date "2008.09.01"]
[Round "5"]
[White "Pinter,J"]
[Black "Kurajica,B"]
[Result "1-0"]
[WhiteElo "2535"]
[BlackElo "2540"]

1.d4 Nf6 2.c4 e6 3.Nf3 Bb4+ 4.Bd2 a5 5.g3 d5 6.a3 Be7 7.Qc2 c5 8.cxd5 cxd4
9.Nxd4 O-O 10.Bg2 Qb6 11.e3 exd5 12.O-O Nc6 13.Bc3 Bd7 14.Nxc6 bxc6 15.Bd4 Qa6
16.Nc3 Rac8 17.Rfe1 Be6 18.e4 Qc4 19.exd5 cxd5 20.Qd2 Rfe8 21.Rac1 Qb3 22.Bxf6 Bxf6
23.Nxd5 Bxd5 24.Rxc8 Rxc8 25.Bxd5 Qxb2 26.Bxf7+ Kh8 27.Qd7 Rf8 28.Re8 Qxa3
29.Bd5 Qc1+ 30.Kg2 Qc5 31.Qf7 Qxd5+ 32.Qxd5 Rxe8 33.Qxa5 g6 34.f4 Re2+ 35.Kf3 Rxh2
36.Qc7 Kg8 37.g4 Rd2 38.Qc4+ Kh8 39.Qf7  1-0

[Event "TCh-SRB 1st League"]
[Site "Subotica SRB"]
[Date "2008.09.01"]
[Round "1"]
[White "Lajthajm,B"]
[Black "Vratonjic,S"]
[Result "1/2-1/2"]
[WhiteElo "2513"]
[BlackElo "2407"]

1.d4 Nf6 2.c4 e6 3.Nf3 Bb4+ 4.Bd2 Qe7 5.g3 Nc6 6.Bg2 Bxd2+ 7.Qxd2 Ne4 8.Qc2 Qb4+
9.Nbd2 Nxd2 10.Qxd2 Qxc4 11.a3 Qd5 12.O-O O-O 13.Rfd1 Qd6  1/2-1/2

[Event "17th CRO-chT 1b"]
[Site "Sibenik CRO"]
[Date "2008.09.03"]
[Round "7"]
[White "Gyimesi,Z"]
[Black "Dizdarevic,E"]
[Result "1/2-1/2"]
[WhiteElo "2586"]
[BlackElo "2501"]

1.d4 Nf6 2.c4 e6 3.Nf3 Bb4+ 4.Bd2 Qe7 5.g3 b6 6.Bg2 Bb7 7.O-O O-O 8.Bf4 Bd6
9.Bxd6 cxd6 10.Nc3 Rc8 11.Nd2 Bxg2 12.Kxg2 d5 13.cxd5 exd5 14.e3 Nc6 15.Rc1 Qe6
16.Ne2 Ne7 17.Nf4 Qf5 18.Qe2 Rc6 19.h3 Ng6 20.Nxg6 hxg6 21.Rxc6 dxc6 22.Rc1 Rc8
23.b4 Ne4 24.Nxe4 Qxe4+ 25.Qf3 Qxf3+ 26.Kxf3 Kf8 27.a4 Ke7 28.a5 bxa5 29.bxa5 Kd6
30.Rb1 c5 31.dxc5+ Rxc5 32.Rb7 Rc7 33.Rb8 Ke6 34.Ra8 Ke5 35.h4 Kd6 36.g4 Ke6
37.Kg3 Ke5 38.Rd8 Ke6 39.Rg8 Rc5 40.Rxg7 Rxa5 41.Rg8 d4 42.exd4 Rd5 43.Ra8 Rxd4
44.Rxa7 Kf6 45.Ra5 Kg7 46.f3 Rb4 47.h5 Rc4 48.f4 Rb4 49.Rd5 Ra4 50.Kf3 Rb4
51.hxg6 Kxg6 52.Rd6+ Kg7 53.g5 Rb1 54.Ke4 Re1+  1/2-1/2

[Event "Open"]
[Site "Herzliya ISR"]
[Date "2008.09.05"]
[Round "4"]
[White "Porat,Ma"]
[Black "Kneler,B"]
[Result "1/2-1/2"]
[WhiteElo "2137"]
[BlackElo "2097"]

1.d4 Nf6 2.c4 e6 3.Nf3 Bb4+ 4.Bd2 a5 5.e3 O-O 6.Bd3 d5 7.O-O b6 8.Nc3 Bb7
9.cxd5 exd5 10.Ne5 Nbd7 11.f4 c5 12.Qf3 Bxc3 13.bxc3 Ne4 14.Qh3 Nxe5 15.fxe5 Qc8
16.Qh4 Qd8 17.Qh3 Qc8 18.Qh4  1/2-1/2

[Event "5th LGA Premium Cup"]
[Site "Nuernberg GER"]
[Date "2008.09.05"]
[Round "2"]
[White "Siebrecht,S"]
[Black "Willim,M"]
[Result "1-0"]
[WhiteElo "2453"]
[BlackElo "2157"]

1.d4 Nf6 2.Nf3 e6 3.c4 Bb4+ 4.Bd2 Qe7 5.g3 O-O 6.Bg2 Bxd2+ 7.Nbxd2 d6 8.e4 e5
9.d5 a5 10.O-O Bg4 11.Qb3 Bxf3 12.Bxf3 Na6 13.Qc3 Nc5 14.b3 c6 15.a3 cxd5
16.cxd5 Rfc8 17.Rfc1 Qd8 18.Qe3 h6 19.Kg2 Ncd7 20.Nc4 Qe7 21.Qe1 Rc5 22.Ne3 g6
23.b4 axb4 24.axb4 Rxa1 25.Rxa1 Rc7 26.Qe2 Kg7 27.h4 Nb8 28.Ra8 Na6 29.Qb5 Qd7
30.Qb6 Kh7 31.Be2 Nxe4 32.Bxa6 bxa6 33.Qb8  1-0

[Event "5th LGA Premium Cup"]
[Site "Nuernberg GER"]
[Date "2008.09.05"]
[Round "3"]
[White "Zeitler,H"]
[Black "Noettling,D"]
[Result "1/2-1/2"]
[WhiteElo "2048"]
[BlackElo "1728"]

1.d4 Nf6 2.c4 e6 3.Nf3 Bb4+ 4.Bd2 Qe7 5.Qc2 b6 6.e4 Bb7 7.Bd3 Nc6 8.O-O Bxd2
9.Qxd2 Nb4 10.Nc3 Nxd3 11.Qxd3 O-O 12.Rfe1 Nh5 13.e5 f6 14.exf6 Qxf6 15.d5 Nf4
16.Qe4 g5 17.Qe5 g4 18.Qxf6 Rxf6 19.Ne5 exd5 20.cxd5 Nxd5 21.Nxd7 Rd6 22.Nxd5  1/2-1/2

[Event "IX GM"]
[Site "Banja Luka BIH"]
[Date "2008.09.06"]
[Round "7"]
[White "Ilincic,Z"]
[Black "Drasko,M"]
[Result "1-0"]
[WhiteElo "2519"]
[BlackElo "2508"]

1.d4 e6 2.c4 Nf6 3.Nf3 Bb4+ 4.Bd2 c5 5.Bxb4 cxb4 6.Qd3 O-O 7.Nbd2 d6 8.e4 Qc7
9.e5 dxe5 10.Nxe5 Rd8 11.f4 b5 12.cxb5 Nd5 13.Qg3 f6 14.Nd3 a6 15.Be2 axb5
16.O-O Nc6 17.Nb3 Qd6 18.Qf2 Bd7 19.Ndc5 Be8 20.Nb7 Qb8 21.Nxd8 Nxd8 22.g3 Bg6
23.Bf3 Qb6 24.Rfe1 Bf7 25.Nc5 Ra7 26.Re2 Ne7 27.b3 Nd5 28.Bxd5 exd5 29.Rae1 Qd6
30.Qg2 g6 31.Qh3 Rc7 32.Qh6 Rxc5 33.dxc5 Qxc5+ 34.Kg2 Qc6 35.f5 d4+ 36.Kg1 g5
37.Qh3 d3 38.Rd2 Qc3 39.Red1 Nc6 40.Rxd3 Qc5+ 41.Kf1 Ne5 42.Rd8+ Kg7 43.g4 h5
44.gxh5 Qc2 45.h6+ Kh7 46.R8d2 Qe4 47.Re1 Qf4+ 48.Rf2 Qd4 49.Qe3 Qd7 50.Qg3 Kxh6
51.h4 g4 52.Rxe5 fxe5 53.Qxg4 e4 54.Rg2 Qd3+ 55.Kg1 Qd4+ 56.Kh2 Kh7 57.Qf4 Qf6
58.Qxe4 Bd5 59.Qg4 Bf7 60.Qg5 Qe5+ 61.Kh3 Qc3+ 62.Qg3 Qf6 63.Qd3 Be8 64.Rg4 Qa1
65.Qe4 Qf1+ 66.Kh2 Bf7 67.f6+  1-0

[Event "Leicester Group A"]
[Site "Littlethorpe ENG"]
[Date "2008.09.06"]
[Round "7"]
[White "Gibson,Ch"]
[Black "Edwards,L"]
[Result "1/2-1/2"]
[WhiteElo "2003"]
[BlackElo "2093"]

1.d4 Nf6 2.c4 e6 3.Nf3 Bb4+ 4.Bd2 Qe7 5.g3 Bxd2+ 6.Qxd2 d6 7.Nc3 O-O 8.Bg2 Nbd7
9.O-O c6 10.b4 e5 11.d5 Nb6 12.dxc6 bxc6 13.c5 dxc5 14.bxc5 Qxc5 15.Rac1 Qe7
16.Rfd1 Bb7 17.Qg5 Rfe8 18.Nd2 Nfd5  1/2-1/2

[Event "7th Open"]
[Site "Izmir TUR"]
[Date "2008.09.07"]
[Round "10"]
[White "Ataman,A"]
[Black "Abasov,N"]
[Result "0-1"]
[WhiteElo "2198"]
[BlackElo "2369"]

1.d4 Nf6 2.c4 e6 3.Nf3 Bb4+ 4.Bd2 Bxd2+ 5.Qxd2 d5 6.g3 O-O 7.Bg2 Nbd7 8.O-O Qe7
9.Qc2 c6 10.Nbd2 e5 11.dxe5 Nxe5 12.cxd5 Nxd5 13.e4 Nxf3+ 14.Nxf3 Nc7 15.Nd4 Rd8
16.Nb3 Be6 17.Nc5 Nb5 18.Nxe6 Qxe6 19.f4 Nd4 20.Qf2 Rd7 21.Rad1 Rad8 22.b3 c5
23.e5 b5 24.Rde1 g6 25.h3 h5 26.Kh2 c4 27.bxc4 bxc4 28.Be4 c3 29.Re3 Nf5
30.Re2 Rd2 31.Rfe1 Qxa2 32.Bf3 Nd4  0-1

[Event "SuperLiga-ROM"]
[Site "Eforie Nord ROM"]
[Date "2008.09.08"]
[Round "8"]
[White "Georgescu,T"]
[Black "Anton,T"]
[Result "0-1"]
[WhiteElo "2442"]
[BlackElo "2353"]

1.Nf3 Nf6 2.d4 e6 3.c4 Bb4+ 4.Bd2 c5 5.Bxb4 cxb4 6.g4 b5 7.cxb5 Qa5 8.Nbd2 Qxb5
9.g5 Nh5 10.e3 Qb7 11.Rg1 h6 12.g6 f5 13.Nc4 O-O 14.Rc1 d5 15.Nfe5 Qe7 16.Qxh5 dxc4
17.Bxc4 Bb7 18.Nd3 Nd7 19.Nf4 Rac8 20.Qd1 Rf6 21.Nh5 Rff8 22.Nf4 Rf6 23.Qb3 Kh8
24.Kd2 Qd6 25.Bd3 Rd8 26.Nh5 Rff8 27.f4 a5 28.a3 Bd5 29.Qa4 Ra8 30.axb4 axb4
31.Qc2 Ra7 32.Ke2 Qe7 33.Ng3 Qh4 34.Nf1 Nf6 35.Qc5 Raa8 36.Qe7 Rfe8 37.Qxb4 Rab8
38.Qe1 Rxb2+ 39.Rc2 Qh5+ 40.Kd2 Reb8 41.Rxb2 Rxb2+ 42.Kc3 Ra2 43.Rg3 Qh4
44.Qb1 Nd7 45.Bc4 Ra3+ 46.Kb2 Qe7 47.e4 Qb4+  0-1

[Event "3rd PGMA Cup"]
[Site "Manila PHI"]
[Date "2008.09.08"]
[Round "2"]
[White "Simanjuntak,S"]
[Black "Nguyen Van Huy"]
[Result "0-1"]
[WhiteElo "2256"]
[BlackElo "2386"]

1.d4 Nf6 2.c4 e6 3.Nf3 Bb4+ 4.Bd2 Qe7 5.g3 Nc6 6.Nc3 d5 7.Bg2 dxc4 8.O-O O-O
9.Qc2 Rd8 10.a3 Ba5 11.e3 e5 12.d5 Nxd5 13.Nxd5 Rxd5 14.Ng5 e4 15.Nxe4 Bf5
16.Bxa5 Nxa5 17.g4 Bxg4 18.Ng3 Rb5 19.h3 Be6 20.Rad1 Qf6 21.Rd2 Nb3 22.Rdd1 c6
23.Kh2 Nc5 24.Rd4 Nd3 25.b4 a5 26.f4 axb4 27.Ne4 Qh6 28.Ng5 bxa3 29.Rxc4 Bxc4
30.Qxc4 Rxg5 31.fxg5 Qd6+ 32.Kh1 Ne5 33.Qb3 Qe7 34.Be4 g6 35.Bb1 b5 36.h4 h6
37.Rf6 Ra4 38.e4 a2 39.Bxa2 Rxe4 40.Qg3 hxg5 41.hxg5 Nc4  0-1

[Event "3rd PGMA Cup"]
[Site "Manila PHI"]
[Date "2008.09.08"]
[Round "2"]
[White "Xiu Deshun"]
[Black "Shanava,K"]
[Result "1/2-1/2"]
[WhiteElo "2410"]
[BlackElo "2522"]

1.d4 Nf6 2.c4 e6 3.Nf3 Bb4+ 4.Bd2 Bxd2+ 5.Nbxd2 d5 6.e3 O-O 7.cxd5 exd5 8.Bd3 Bg4
9.Qb3 Bxf3 10.Nxf3 Qc8 11.O-O Nbd7 12.Qc2 a5 13.a3 c6 14.b4 axb4 15.axb4 Qc7
16.Rfc1 Qd6 17.Rxa8 Rxa8 18.b5 Rc8 19.bxc6 bxc6 20.Qa2 c5 21.Qa3 Qf8 22.dxc5 Rxc5
23.Rxc5 Nxc5 24.Bb1 Qb8 25.Ba2 Ne6 26.h3 h6 27.Qa5 Qd8 28.Qxd8+ Nxd8 29.Nd4 g6
30.g4 Kf8 31.f3 Ke7 32.Nb5 Ne6 33.Kf2 Kd7 34.Ke2 Kc6 35.Nc3 Kd6 36.h4 g5
37.hxg5 hxg5 38.Nd1 Nd7 39.Nf2 Ne5 40.Bb1 f6 41.Bf5 Ng7 42.Bc2 Ne6 43.Bf5 Ng7  1/2-1/2

[Event "3rd PGMA Cup"]
[Site "Manila PHI"]
[Date "2008.09.08"]
[Round "3"]
[White "Pascua,H"]
[Black "Wohl,A"]
[Result "1-0"]
[WhiteElo "2174"]
[BlackElo "2384"]

1.d4 Nf6 2.c4 e6 3.Nf3 Bb4+ 4.Bd2 a5 5.g3 Ne4 6.Bg2 Nxd2 7.Nbxd2 Be7 8.e4 d6
9.O-O Nd7 10.Qe2 e5 11.c5 O-O 12.cxd6 cxd6 13.Rfd1 Qb6 14.Nc4 Qa6 15.Bf1 exd4
16.Qe1 Qa7 17.Nxd4 Ne5 18.Ne3 Be6 19.Kh1 Rfe8 20.Bb5 Bd7 21.Nd5 Bd8 22.Bxd7 Nxd7
23.Nb5 Qb8 24.Ne3 Ra6 25.Nf5 Re6 26.Nfxd6 Nf6 27.e5 Ng4 28.Rd5 Bb6 29.Rc1 Ra8
30.Rc8+ Qxc8 31.Nxc8 Rxc8 32.Nc3 Nxf2+ 33.Kg2 Ng4 34.Rb5 Rce8 35.Qe4 Nxe5
36.Qxb7 Bd4 37.Ne2 Nc6 38.Nf4 Rf6 39.Rd5 Be5 40.Qd7 Rb8 41.Nd3 Re6 42.b3 h5
43.Nc5 Rg6 44.Qf5 Re8 45.Ne4 h4 46.Ng5 Bf6 47.Qd7 Re2+ 48.Kf1 Bxg5 49.Kxe2 Re6+
50.Kf1 Ne5 51.Qxe6  1-0

[Event "3rd PGMA Cup"]
[Site "Manila PHI"]
[Date "2008.09.10"]
[Round "6"]
[White "Paragua,M"]
[Black "Gomez,Joh"]
[Result "1/2-1/2"]
[WhiteElo "2523"]
[BlackElo "2457"]

1.d4 Nf6 2.Nf3 e6 3.c4 Bb4+ 4.Bd2 Qe7 5.g3 O-O 6.Bg2 Nc6 7.O-O Bxd2 8.Nbxd2 d6
9.e4 e5 10.d5 Nb8 11.Qc2 a5 12.Ne1 Na6 13.Nd3 Nd7 14.a3 Nac5 15.Nxc5 Nxc5
16.b4 axb4 17.axb4 Rxa1 18.Rxa1 Na6 19.Qc3 f5 20.exf5 Bxf5 21.Be4  1/2-1/2

[Event "3rd PGMA Cup"]
[Site "Manila PHI"]
[Date "2008.09.11"]
[Round "8"]
[White "Wang Xiaohui"]
[Black "Bagamasbad,E"]
[Result "1-0"]
[WhiteElo "2215"]
[BlackElo "2295"]

1.d4 Nf6 2.c4 e6 3.Nf3 Bb4+ 4.Bd2 Qe7 5.Qc2 Nc6 6.e3 O-O 7.a3 Bxd2+ 8.Nbxd2 d6
9.Be2 e5 10.d5 Nb8 11.O-O a5 12.b3 Bg4 13.Nb1 Na6 14.Nc3 Nc5 15.Nd2 Bxe2
16.Nxe2 c6 17.Nc3 Rfc8 18.e4 Nh5 19.Rfd1 Nf4 20.Nf1 a4 21.Nxa4 Nxa4 22.bxa4 cxd5
23.exd5 Qe8 24.Ne3 Rxa4 25.g3 Ng6 26.Rdb1 Ra7 27.Rb6 Qd8 28.Qb3 Qd7 29.Rb1 Rc7
30.Qb4 Nf8 31.Rxd6 Qe8 32.Rb6 Nd7 33.Rb5 Nc5 34.d6 Na6 35.Qb2 Rc5 36.Rxb7 Ra8
37.Nd5 Qe6 38.Ne7+ Kf8 39.Rb8+ Nxb8 40.Qxb8+ Rc8 41.Nxc8 Rxb8 42.Rxb8 g6
43.Nb6+ Kg7 44.d7  1-0

[Event "TCh-SRB 1st League"]
[Site "Subotica SRB"]
[Date "2008.09.12"]
[Round "11"]
[White "Abramovic,B"]
[Black "Drasko,M"]
[Result "1/2-1/2"]
[WhiteElo "2488"]
[BlackElo "2508"]

1.d4 e6 2.c4 Nf6 3.Nf3 Bb4+ 4.Bd2 c5 5.Bxb4 cxb4 6.g3 O-O 7.Bg2 d6 8.O-O a5
9.a3 Na6 10.Nbd2 Re8 11.Qc2 Bd7 12.Ng5 Bc6 13.Bxc6 bxc6 14.Nde4 Nxe4 15.Nxe4 d5
16.cxd5 exd5 17.Nc5 Nxc5 18.Qxc5 Rxe2 19.axb4 axb4 20.Qxb4 Rb8 21.Qc5 Rexb2  1/2-1/2

[Event "4th Pichay Cup"]
[Site "Manila PHI"]
[Date "2008.09.15"]
[Round "3"]
[White "Paragua,M"]
[Black "Nguyen Van Huy"]
[Result "1-0"]
[WhiteElo "2523"]
[BlackElo "2386"]

1.d4 Nf6 2.Nf3 e6 3.c4 Bb4+ 4.Bd2 Qe7 5.g3 Nc6 6.Bg2 Bxd2+ 7.Nbxd2 d6 8.O-O a5
9.e4 e5 10.d5 Nb8 11.Ne1 O-O 12.Nd3 Na6 13.f4 c6 14.Rc1 Nb4 15.fxe5 dxe5
16.Nxb4 axb4 17.c5 Rxa2 18.Qb3 Ra5 19.Qxb4 Rb5 20.Qc3 b6 21.cxb6 Qd8 22.Qxc6 Rxb6
23.Qc3 Ba6 24.Rfe1 Qb8 25.b3 Rc8 26.Qa5 Rxc1 27.Rxc1 h5 28.h3 h4 29.g4 Kh7
30.Qc5 Ne8 31.Qf2 Rf6 32.Qxh4+ Kg8 33.Qg3 Qb6+ 34.Kh1 Rf4 35.Qc3 Qh6 36.Qxe5 Rf2
37.g5 Qh4 38.Qxe8+ Kh7 39.Qe5 Rxd2 40.Qf5+ Kg8 41.Qg4 Qf2 42.Qf3 Qd4 43.h4 Rd3
44.Qf4 Rxb3 45.h5 Rb6 46.Kh2 f6 47.g6 Rb2 48.Kh1 Qe5 49.Qxe5 fxe5 50.Rc6 Ra2
51.Rb6 Kf8 52.d6 Ke8 53.Bh3  1-0

[Event "I Tancats A"]
[Site "Canovelles ESP"]
[Date "2008.09.16"]
[Round "4"]
[White "Hernando Rodrigo,Jo"]
[Black "Cruz,Cr"]
[Result "0-1"]
[WhiteElo "2377"]
[BlackElo "2508"]

1.d4 Nf6 2.c4 e6 3.Nf3 Bb4+ 4.Bd2 a5 5.g3 d5 6.Qc2 c5 7.dxc5 O-O 8.cxd5 exd5
9.Bg2 Qe7 10.Bxb4 axb4 11.O-O Bd7 12.Nbd2 Rc8 13.a3 bxa3 14.bxa3 Qxe2 15.Nd4 Qa6
16.Rfb1 Nc6 17.Nb5 Ne5 18.Bf1 Qe6 19.Re1 Bxb5 20.Qc3 Bxf1 21.Rxe5 d4 22.Qxd4 Qd7
23.Qe3 Bb5 24.Re7 Qd5 25.Re5 Qc6 26.Qb3 Re8 27.Nf3 Bc4 28.Qc3 Bd5 29.Nd4 Qd7
30.Rg5 h6 31.Rf5 Be4 32.c6 bxc6 33.Rc5 Rad8 34.Nc2 Qh3  0-1

[Event "EYb18"]
[Site "Herceg Novi MNE"]
[Date "2008.09.16"]
[Round "2"]
[White "Baryshpolets,A"]
[Black "Krejci,Jan2"]
[Result "0-1"]
[WhiteElo "2413"]
[BlackElo "2305"]

1.c4 Nf6 2.d4 e6 3.Nf3 Bb4+ 4.Bd2 c5 5.g3 O-O 6.Bg2 d6 7.O-O Nc6 8.Be3 Qe7
9.Qb3 Ng4 10.dxc5 dxc5 11.Bg5 f6 12.Bd2 Bxd2 13.Nfxd2 Rd8 14.Bxc6 bxc6 15.Rd1 e5
16.Nc3 Be6 17.Qa4 Rac8 18.Nb3 Rxd1+ 19.Rxd1 f5 20.Qa6 e4 21.Na5 Ne5 22.b3 Rc7
23.Nd5 cxd5 24.cxd5 Bc8 25.Qb5 Qd7 26.Qb8 c4 27.bxc4 f4 28.gxf4 Nxc4 29.Rc1 Qg4+
30.Kh1 Qxf4 31.Rxc4 Qxf2 32.h3 Qf1+ 33.Kh2 Qxe2+ 34.Kg1 Rxc4 35.Nxc4 Qxc4  0-1